000
00289nam a22001097a 4500
082
_a
621.3823 CHI'T
100
_a
CHIPMAN, R. A
_9
77373
245
_a
THEORY AND PROBLEMS OF TRANSMISSION LINES SCHAUMS OUTLINE SERIES
260
_a
NEWYORK
_b
MCGRAW HILL
_c
1968
300
_a
236P
942
_c
BK
999
_c
582653
_d
582653